MARC

LEADER 00000nam0a2200000 4500
001 783
005 20231101204138.0
010 |a 5852351954 
035 |a (RuTPU)RU\TPU\book\787 
035 |a BOOK00000788 
090 |a 783 
100 |a 20011209d1996 km y0rusy50 ca 
101 0 |a rus 
102 |a RU 
105 |a y z 000zy 
200 1 |a Философия природы: коэволюционная стратегия  |f Р. С. Карпинская, И. К. Лисеев, А. П. Огурцов 
210 |a Москва  |c Интерпракс  |d 1995 
215 |a 350 с. 
606 1 |a Естествознание  |x Философские проблемы  |2 stltpush  |3 (RuTPU)RU\TPU\subj\39118  |9 59321 
610 1 |a натурфилософия 
610 1 |a философия 
610 1 |a природа 
610 1 |a коэволюционные стратегии 
610 1 |a естествознание 
686 |a Ю252:5  |v LBC/SL-A  |2 rubbk 
700 1 |a Карпинская  |b Р. С.  |g Регина Семеновна 
701 1 |a Лисеев  |b И. К. 
701 1 |a Огурцов  |b А. П. 
801 0 |a RU  |b 63413507  |c 20011209  |g PSBO 
801 2 |a RU  |b 63413507  |c 20220526  |g PSBO 
900 |a Философия 
942 |c BK